000 00274nam a22001337a 4500
008 170502b xxu||||| |||| 00| 0 eng d
020 _a9780030127441
041 _aeng
080 _25TH
_a343.9
100 _a14
101 _aSHJ
245 _aREID, S.T
942 _2udc
_cBK
999 _c12429
_d12429